| 000 | 00638nam a2200241Ia 4500 | ||
|---|---|---|---|
| 003 | OSt | ||
| 005 | 20220928103702.0 | ||
| 006 | a|||||r|||| 00| 0 | ||
| 007 | ta | ||
| 008 | 220927b |||||||| |||| 00| 0 eng d | ||
| 024 | _a4862 | ||
| 037 | _cTextual | ||
| 040 |
_aSDCL _cSDCL _beng |
||
| 041 |
_2eng _aeng |
||
| 082 | _aO44,3Nx, P1 | ||
| 100 |
_aRavikant Ed. _9406549 |
||
| 245 | 0 | _aTranslating partition. | |
| 260 |
_aNew Delhi _bKatha _c2001 |
||
| 300 |
_a238p _ccm. |
||
| 700 |
_a Saint Tarun K Ed. _9406550 |
||
| 942 |
_hO44,3Nx, P1 _cTEXL _2CC |
||
| 999 |
_c722102 _d722102 |
||